[Event "Landesliga Nord 9899"]
[Site "Bayern"]
[Date "1999.??.??"]
[Round "?"]
[White "Schwalbe, Gerhard"]
[Black "Mueller, Christian2"]
[Result "1-0"]
[WhiteElo "2120"]
[BlackElo "1930"]

1.d4 d5 2.c4 Nc6 3.Nf3 Bg4 4.e3 e6 5.Nbd2 Nf6 6.Qb3 a6 7.a3 Be7 8.Bd3 O-O
9.Qc2 Bxf3 10.Nxf3 Rc8 11.b4 h6 12.O-O Re8 13.Bb2 Bf8 14.Rfd1 Qe7 15.Ne5 Nxe5
16.dxe5 Nd7 17.c5 c6 18.f4 f5 19.exf6 gxf6 20.e4 dxe4 21.Bxe4 f5 22.Bd3 Bg7
23.Bxg7 Qxg7 24.Bc4 Kh8 25.Rab1 Nf6 26.Rb3 Rcd8 27.Rg3 Qe7 28.Re1 Ne4 29.Rg6 Qh4
30.Rxe4 fxe4 31.Qxe4 e5 32.g3 Qh3  1-0

[Event "Landesliga Nord 9899"]
[Site "Bayern"]
[Date "1999.??.??"]
[Round "?"]
[White "Strube, Frank"]
[Black "Muenster, Erich"]
[Result "1/2-1/2"]
[WhiteElo "2230"]
[BlackElo "2055"]

1.d4 d5 2.c4 Nc6 3.Nf3 Bf5 4.Nc3 e6 5.cxd5 exd5 6.Bf4 Nf6 7.e3 Bb4 8.Bb5 O-O
9.O-O Ne7 10.Bd3 Ne4 11.Qc2 Bxc3 12.bxc3 Ng6 13.Bg3 Re8 14.c4 c6 15.Rfc1 Rc8
16.Qb3 Nxg3 17.hxg3 Bxd3 18.Qxd3 Qd7 19.Rc2 h5 20.Rac1 Rcd8 21.cxd5 Qxd5
22.Qa3 a6 23.Rc5 Qd6 24.Qb3 Re7 25.Rxh5 Nf8 26.Re5 Ne6 27.Ng5 Nxg5 28.Rxg5 Qf6
29.Rcc5 g6 30.a4 Kh7 31.Rg4 Kg7 32.Rh4 Rh8 33.Rxh8 Kxh8 34.a5 Kg7 35.Qb2 Rd7
36.Re5 Qd8 37.Qc3 f6 38.Rc5 Qe7 39.g4 Qe4 40.g5 fxg5 41.Rxg5 Kf6 42.f4 Rd5
43.Rxd5 cxd5 44.Qb3 Kf5 45.Kf2 g5 46.fxg5 Kxg5 47.Qxb7 Qh4+ 48.Ke2 Qg4+ 49.Ke1 Qh4+
50.Kd1 Qh1+ 51.Kc2 Qxg2+ 52.Kc3 Qa2 53.Qxa6 Qa3+ 54.Kd2 Qb2+ 55.Kd3 Qb3+
56.Ke2 Qc2+ 57.Ke1 Qb1+ 58.Kf2 Qf5+ 59.Ke2 Qg4+ 60.Kf1 Qf5+  1/2-1/2

[Event "Landesliga Nord 9899"]
[Site "Bayern"]
[Date "1999.??.??"]
[Round "?"]
[White "Giessmann, Stephan"]
[Black "Hepting, Heinrich"]
[Result "0-1"]
[WhiteElo "2160"]
[BlackElo "2190"]

1.d4 d5 2.c4 Nc6 3.Nf3 Bg4 4.Nc3 e6 5.cxd5 exd5 6.Bg5 Be7 7.Bxe7 Ngxe7 8.e3 O-O
9.Bb5 Qd6 10.O-O Rad8 11.Na4 Ng6 12.Nc5 Bc8 13.Qa4 Nge7 14.Rac1 f6 15.Rc3 Kh8
16.b4 g5 17.Bxc6 bxc6 18.Qxa7 Rde8 19.Nd3 Ba6 20.Qc5 Bb5 21.Ra1 Rb8 22.Qxd6 cxd6
23.a3 Bxd3 24.Rxd3 Rb6 25.Nd2 Kg7 26.Kf1 f5 27.Ke2 Kf6 28.Rc3 Ke6 29.Nb3 Kd7
30.Na5 f4 31.exf4 Rxf4 32.Rd1 Nf5 33.Nb3 Ra6 34.f3 g4 35.Rdd3 gxf3+ 36.Rxf3 Nxd4+
37.Nxd4 Rxd4 38.Rf7+ Ke6 39.Rxh7 Rc4 40.Rh6+ Ke5 41.Rh5+ Ke6 42.Rxc4 dxc4
43.Ra5 Rb6 44.Ke3 Rb8 45.Rh5 Rg8 46.g3 d5 47.Rh6+ Ke5 48.Rh5+ Kd6 49.Rh6+ Ke5
50.Rxc6 Ra8 51.Rh6 Rxa3+ 52.Kd2 Rb3 53.Rh5+ Kd6 54.Rh6+ Kd7 55.g4 d4 56.g5 Rxb4
57.Rh4 c3+ 58.Kc1 Ke6 59.g6 Kf6 60.Rg4 Kg7 61.h4 Ra4 62.Rg3 Ra1+ 63.Kc2 Ra2+
64.Kc1 Rh2 65.Kd1 Rxh4 66.Kc1 Rh1+ 67.Kc2 Rh2+ 68.Kc1 Rd2 69.Rg4 d3 70.Rg3 Kf8
71.g7+ Kg8 72.Rg1 Ra2 73.Kb1 c2+  0-1

[Event "Cannes"]
[Site "Cannes"]
[Date "1999.??.??"]
[Round "2"]
[White "Izeta Txabarri, Felix"]
[Black "Schweiger, Georg"]
[Result "1-0"]
[WhiteElo "2516"]
[BlackElo "2187"]

1.d4 d5 2.c4 Nc6 3.Nf3 e5 4.dxe5 Bb4+ 5.Nbd2 dxc4 6.a3 Ba5 7.b4 cxb3 8.Qxb3 Nge7
9.e3 O-O 10.Bd3 Ng6 11.Bxg6 hxg6 12.O-O Bxd2 13.Bxd2 Bg4 14.Bc3 Bxf3 15.gxf3 Qg5+
16.Kh1 Qh5 17.Qd5 Rfe8 18.f4 Rad8 19.Qe4 Kh7 20.Rg1 Rh8 21.Rg5 Qh4 22.Qg2 Kg8
23.e6 Ne7 24.Bb4 c5 25.Bxc5 Rd2 26.Rf1 f6 27.Rg4  1-0

[Event "Canovelles opA"]
[Site "Canovelles"]
[Date "1999.??.??"]
[Round "4"]
[White "Rodriguez Rodriguez, Antonio"]
[Black "Cubiles Perez, F."]
[Result "1/2-1/2"]
[WhiteElo "2065"]
[BlackElo "2030"]

1.d4 d5 2.c4 Nc6 3.Bf4 Nf6 4.Nc3 a6 5.e3 Rb8 6.cxd5 Nxd5 7.Nxd5 Qxd5 8.Bxc7 Ra8
9.Bb6 e6 10.a3 Bd7 11.Nf3 Bd6 12.Bd3 O-O 13.O-O Qh5 14.Rc1 f5 15.Bc5 Bxc5
16.Rxc5 b6 17.Rc3 g5 18.Ne5 Qe8 19.Nxd7 Qxd7 20.Qc2 Ne7 21.Rc1 b5 22.Rc7 Qd8
23.b4 Rc8 24.Rxc8 Qxc8 25.Qc7 Kf7 26.f3 Qxc7 27.Rxc7 Rc8 28.Rxc8 Nxc8 29.Kf2 h6
30.Bc2 Nb6 31.Bb3 Kf6 32.e4 f4 33.e5+ Ke7 34.Ke2 h5 35.Kd3 Nd5 36.Bxd5 exd5
37.g3 h4  1/2-1/2

[Event "Canovelles opA"]
[Site "Canovelles"]
[Date "1999.??.??"]
[Round "5"]
[White "Martin Capitan, F."]
[Black "Diaz Moron, A."]
[Result "1-0"]
[WhiteElo "2235"]
[BlackElo "2035"]

1.d4 d5 2.c4 Nc6 3.Nc3 Nf6 4.cxd5 Nxd5 5.e4 Nxc3 6.bxc3 e5 7.d5 Nb8 8.Be3 Bd6
9.Bd3 c6 10.Ne2 O-O 11.O-O Qe7 12.c4 cxd5 13.cxd5 Nd7 14.Ng3 Nc5 15.Be2 Qh4
16.f3 Bd7 17.Qd2 Qe7 18.Rfc1 g6 19.Rab1 b6 20.Nf1 f6 21.Qe1 f5 22.Nd2 fxe4
23.fxe4 Rac8 24.Qg3 Na4 25.Bg5 Bc5+ 26.Kh1 Qe8 27.Rf1 Bd4 28.Rxf8+ Qxf8 29.Rf1 Qb4
30.Bg4 Qb5 31.Bxd7 Qxd7 32.Bh6 Nc5 33.Qf3 Qe7 34.d6 Qe8 35.Qf6 Ne6 36.Nf3 Qd7
37.Ng5 Nf4 38.g3 Nh5 39.Qf8+  1-0

[Event "Canovelles opA"]
[Site "Canovelles"]
[Date "1999.??.??"]
[Round "9"]
[White "Fernandez Gonzalez, JH."]
[Black "Diaz Moron, A."]
[Result "0-1"]
[WhiteElo "2050"]
[BlackElo "2035"]

1.d4 d5 2.c4 Nc6 3.Nf3 e5 4.dxe5 Bb4+ 5.Bd2 dxc4 6.Nc3 Nge7 7.g3 O-O 8.Bg2 h6
9.O-O Be6 10.Qc2 Ng6 11.a3 Ba5 12.Rad1 Qe7 13.Be3 Rad8 14.Na4 Bb6 15.Nxb6 cxb6
16.Bf4 b5 17.Rxd8 Rxd8 18.Rd1 Nxf4 19.gxf4 Rxd1+ 20.Qxd1 Qd7 21.Qxd7 Bxd7
22.e3 a5 23.Nd2 Be6 24.Kf1 b4 25.Bxc6 bxc6 26.axb4 axb4 27.e4 c3 28.bxc3 bxc3
29.Nb3 Bxb3 30.Ke2 c2 31.Kd2 Kf8 32.Kc1 Ke7 33.f5 g6 34.f6+ Ke6 35.f4 g5  0-1

[Event "Creon op"]
[Site "Creon"]
[Date "1999.??.??"]
[Round "?"]
[White "Laurent, Julien"]
[Black "Popescu, Daniel Dorin"]
[Result "0-1"]
[WhiteElo "2139"]
[BlackElo "2365"]

1.c4 Nc6 2.d4 d5 3.Nc3 Nf6 4.cxd5 Nxd5 5.e4 Nxc3 6.bxc3 e5 7.d5 Nb8 8.Nf3 Bd6
9.Bb5+ Nd7 10.O-O O-O 11.Be3 Qe7 12.Qc2 Nc5 13.Rfe1 a6 14.Be2 Kh8 15.c4 Bd7
16.a4 a5 17.Nd2 b6 18.Nb1 Nb7 19.Rf1 Bc5 20.Bd2 f5 21.Bd3 f4 22.Kh1 Qh4 23.g3 Qh3
24.f3 fxg3 25.Be1 Bf2 26.Rxf2 gxf2 27.Bxf2 Rxf3 28.Bf1 Qxf1+  0-1

[Event "EU-ch Union SCIPT"]
[Site "DEN"]
[Date "1999.??.??"]
[Round "3"]
[White "Urban, Klaudiusz"]
[Black "Boog, Alexandre"]
[Result "1-0"]
[WhiteElo "2460"]
[BlackElo "2285"]

1.d4 d5 2.c4 Nc6 3.cxd5 Qxd5 4.e3 e5 5.Nc3 Bb4 6.a3 Bxc3+ 7.bxc3 Nf6 8.c4 Qd6
9.d5 Nb8 10.a4 Na6 11.Ba3 Nc5 12.Ne2 Bf5 13.Nc3 a6 14.Be2 Rd8 15.O-O Qb6
16.Ra2 O-O 17.Rb2 Qa7 18.a5 Bc8 19.Kh1 Rfe8 20.f3 h6 21.Qd2 Ne6 22.Bd3 Nf8
23.e4 c6 24.Rfb1 Qd4 25.Na4 Ne6 26.Bf1 cxd5 27.Qxd4 Nxd4 28.cxd5 g5 29.Nc5 Kg7
30.Nxb7 Bxb7 31.Rxb7 Rc8 32.Be7 Ng8 33.Bd6 Rc2 34.Rb8 Rxb8 35.Bxe5+ Kg6 36.Bxb8 g4
37.Be5 Rd2 38.fxg4 f6 39.Bf4 Ra2 40.Rd1 Nb3 41.Bc4  1-0

[Event "EU-ch Union SCIPT"]
[Site "DEN"]
[Date "1999.??.??"]
[Round "6"]
[White "Johansen, Morten"]
[Black "Jagodzinski, Waldemar"]
[Result "1-0"]
[WhiteElo "2270"]
[BlackElo "2255"]

1.d4 d5 2.c4 Nc6 3.Nf3 Bg4 4.Nc3 e6 5.cxd5 exd5 6.Bf4 Bb4 7.e3 Nge7 8.Be2 O-O
9.O-O Ng6 10.Bg3 Bd6 11.Qb3 Bxg3 12.hxg3 Nge7 13.Qxb7 Rb8 14.Qa6 Rxb2 15.Qa3 Rb8
16.Rab1 Bf5 17.Rb5 h6 18.Rc1 Qd7 19.Rxb8 Rxb8 20.Bb5 Rb6 21.Qc5 a6 22.Ba4 Qe6
23.a3 Be4 24.Nd2 Bd3 25.Nxd5 Nxd5 26.Bxc6 Nxe3 27.d5 Nxd5 28.Bxd5 Qe2 29.Nf3 Qb2
30.Qc3 Qb5 31.Bc6 Qf5 32.Nd4 Qg5 33.Re1 Bg6 34.Bf3 h5 35.Qxc7 Rf6 36.Qe5 Qd2
37.Qe3 Qb2 38.Kh2 Qb6 39.Kg1 Qc5 40.Qe8+ Kh7 41.Qe5 Kh6 42.Qxc5  1-0

[Event "Cataluna-chT"]
[Site "ESP"]
[Date "1999.??.??"]
[Round "7"]
[White "Canovas Pardo, A."]
[Black "Ferron Garcia, Carlos"]
[Result "1/2-1/2"]
[WhiteElo "2130"]
[BlackElo "2310"]

1.d4 d5 2.c4 Nc6 3.cxd5 Qxd5 4.Nf3 e5 5.Nc3 Bb4 6.dxe5 Qxd1+ 7.Kxd1 Bg4 8.Bf4 Nge7
9.e3 Ng6 10.Be2 O-O-O+ 11.Kc1 Bxf3 12.Bxf3 Ncxe5 13.Bxe5 Nxe5 14.Be2 Bxc3
15.bxc3 Nd3+ 16.Bxd3 Rxd3 17.Kc2 Rd6 18.Rad1 Rhd8 19.Rxd6 Rxd6 20.Rd1 Ra6
21.Kb3 Rb6+ 22.Kc2 c5 23.Rd5 Rc6 24.c4 b6 25.Rg5 g6 26.Rd5 Kc7 27.e4 Re6
28.Kd3 Kc6 29.g4 Re7 30.g5 b5 31.f3 Rb7 32.cxb5+ Rxb5 33.Kc2 Rb8 34.Rd3 Re8
35.h4 h6 36.gxh6 Rh8 37.Ra3 a5 38.Rxa5 Kb6 39.Ra4 Rxh6 40.e5 Rh5 41.Re4 Rf5
42.e6 fxe6 43.Rxe6+ Kb5 44.Rxg6 Rxf3 45.Rg4 c4 46.Rg8 Rf2+ 47.Kc3 Rxa2 48.Rg5+ Kc6  1/2-1/2

[Event "FIN-chTB9899"]
[Site "FIN"]
[Date "1999.??.??"]
[Round "5"]
[White "Vinke, Dietmar"]
[Black "Terasti, Pasi"]
[Result "1-0"]
[WhiteElo "2255"]
[BlackElo "2194"]

1.d4 d5 2.c4 Nc6 3.Nc3 dxc4 4.Nf3 Nf6 5.d5 Na5 6.Ne5 c6 7.e4 e6 8.dxc6 Qxd1+
9.Kxd1 bxc6 10.Nxc4 Bb4 11.f3 O-O 12.Kc2 Ba6 13.Nxa5 Bxf1 14.Rxf1 Bxa5 15.Rd1 Rfd8
16.Bf4 Ne8 17.Na4 Bb6 18.b3 f6 19.Rxd8 Rxd8 20.Nxb6 axb6 21.a4 e5 22.Be3 c5
23.a5 b5 24.Bxc5 Rc8 25.b4 Nd6 26.a6 Nc4 27.a7 Ra8 28.Rd1 Rc8 29.Rd7 Na5
30.bxa5  1-0

[Event "GER-ch 11th Seniors"]
[Site "Germany"]
[Date "1999.??.??"]
[Round "?"]
[White "Zingler, Max"]
[Black "Fischer, Ernst"]
[Result "1/2-1/2"]
[WhiteElo "2000"]
[BlackElo "2195"]

1.d4 d5 2.c4 Nc6 3.cxd5 Qxd5 4.e3 e5 5.Nc3 Bb4 6.Bd2 Bxc3 7.bxc3 Qd6 8.Bd3 Nge7
9.Ne2 O-O 10.O-O f5 11.f3 Be6 12.Qc1 Rad8 13.Be1 f4 14.Bf2 fxe3 15.Qxe3 exd4
16.Nxd4 Nxd4 17.cxd4 Bd5 18.Bg3 Qd7  1/2-1/2

[Event "Helsinki-ch"]
[Site "Helsinki"]
[Date "1999.??.??"]
[Round "?"]
[White "Kekki, Petri"]
[Black "Keskisarja, Teemu"]
[Result "1/2-1/2"]
[WhiteElo "2285"]
[BlackElo "2313"]

1.d4 d5 2.c4 Nc6 3.cxd5 Qxd5 4.e3 e5 5.Nc3 Bb4 6.Bd2 Bxc3 7.Bxc3 exd4 8.Ne2 Nge7
9.Nxd4 Nxd4 10.Qxd4 Qxd4 11.Bxd4 O-O 12.Rc1 c6 13.Bc4 Be6 14.Bxe6 fxe6 15.Bc5 Kf7
16.h4 e5 17.h5 Rfe8 18.e4 Ng8 19.f3 Nf6 20.Ke2 b6 21.Ba3 c5 22.b4 cxb4 23.Bxb4 Rac8
24.g4 Red8 25.Bc3 Rc5 26.Bb4 Rcc8 27.Rhd1 Rxc1 28.Rxc1 Rd7 29.Rc6 Ne8 30.Bc3 Re7
31.Ke3 Re6 32.Rc8 Re7 33.g5 Re6 34.Ra8 a5 35.Ra7+ Kf8 36.f4 exf4+ 37.Kxf4 Re7
38.Ra8 Kf7 39.Rb8 Nd6 40.g6+ hxg6 41.hxg6+ Kxg6 42.Rxb6 Rxe4+ 43.Kf3 Re6
44.Bxa5  1/2-1/2

[Event "Helsinki op"]
[Site "Helsinki"]
[Date "1999.??.??"]
[Round "2"]
[White "Tella, Jussi"]
[Black "Keskisarja, Teemu"]
[Result "0-1"]
[WhiteElo "2425"]
[BlackElo "2313"]

1.d4 d5 2.c4 Nc6 3.Nf3 Bg4 4.cxd5 Bxf3 5.dxc6 Bxc6 6.Nc3 e6 7.a3 Qh4 8.e4 O-O-O
9.b4 f5 10.g3 Qf6 11.Be3 fxe4 12.b5 Bd5 13.Qa4 Bc5 14.Bg2 Ne7 15.O-O Bb6
16.Nxe4 Qg6 17.Qc2 Nf5 18.Rac1 e5 19.Bh3 Kb8 20.Nc5 Nh4 21.f4 exd4 22.Bxd4 Nf3+
23.Rxf3 Qxc2 24.Rxc2 Bxf3 25.Nd7+ Rxd7 26.Bxb6 Rd1+ 27.Kf2 axb6 28.Kxf3 Rd3+
29.Ke4 Rhd8 30.Be6 Rxa3 31.g4 Ra1 32.Kf5 Rb1 33.Bc4 c6 34.h4 cxb5 35.Ba2 Rf1
36.Kg5 Rd4  0-1

[Event "HUN-chT29899"]
[Site "HUN"]
[Date "1999.??.??"]
[Round "?"]
[White "Demeny, Antal"]
[Black "Mullner, Imre"]
[Result "1-0"]
[WhiteElo "2205"]
[BlackElo "2230"]

1.d4 d5 2.c4 Nc6 3.cxd5 Qxd5 4.Nf3 e5 5.Nc3 Bb4 6.Bd2 Bxc3 7.Bxc3 e4 8.Nd2 Nf6
9.e3 O-O 10.Qb3 Qf5 11.h3 h5 12.Qb5 a6 13.Qxf5 Bxf5 14.Be2 Rfe8 15.Nb3 b6
16.Rc1 Ne7 17.O-O Ned5 18.Bd2 Bd7 19.a3 Rec8 20.f4 Bb5 21.Rf2 c6 22.Bd1 h4
23.g4 hxg3 24.Rg2 a5 25.Rxg3 a4 26.Na1 c5 27.Nc2 Bd7 28.Kf2 Ne8 29.h4 Nd6
30.Bg4 Bxg4 31.Rxg4 Nc4 32.Bc3 Nxc3 33.bxc3 Ra7 34.f5 cxd4 35.exd4 Ra5 36.Ne3 Nxe3
37.Kxe3 Rxf5 38.Rxe4 Rb5 39.Re5 Rb3 40.Kd3 Rxa3 41.Rb5 Rc6 42.d5 Rg6 43.Rb4 Kf8
44.Re4 Rd6 45.Kd4 Ra2 46.c4 Rd2+ 47.Kc3 Rf2 48.Ra1 f5 49.Re5 Rg6 50.Re3 f4
51.Rd3 Rfg2 52.Rxa4 R2g3 53.Ra8+ Ke7 54.Ra7+ Kd6 55.Rb7 Rxd3+ 56.Kxd3 Ke5
57.Re7+ Kf5 58.Rf7+ Kg4 59.Ke4 Kxh4 60.Rxf4+ Kg3  1-0

[Event "HUN-chT9899"]
[Site "HUN"]
[Date "1999.??.??"]
[Round "?"]
[White "Gyimesi, Zoltan"]
[Black "Korpics, Zsolt"]
[Result "1-0"]
[WhiteElo "2525"]
[BlackElo "2315"]

1.d4 d5 2.c4 Nc6 3.Nc3 Nf6 4.Nf3 dxc4 5.Bg5 h6 6.Bxf6 exf6 7.e3 Na5 8.Qa4+ c6
9.b4 cxb3 10.axb3 Qb6 11.Qxa5 Qxa5 12.Rxa5 Bb4 13.Rc5 Be6 14.Nd2 Bxc5 15.dxc5 b6
16.Kd1 Ke7 17.Kc2 b5 18.Bd3 a5 19.Ra1 Rhd8 20.Be4 Ra6 21.b4 a4 22.Ra3 g5
23.Ne2 f5 24.Bd3 Kf6 25.g3 Ra7 26.Nd4 Rc7 27.Kc3 Bc8 28.Ra1 Be6 29.h3 Bc8
30.Rf1 h5 31.f4 g4 32.hxg4 hxg4 33.Rh1 Kg6 34.Rh4 Re8 35.e4 fxe4 36.Nxe4 f5
37.Nd6 Re3 38.Rxg4+ Kf6 39.Rg8 Bd7 40.Kd2 Re7 41.g4 Rg7 42.g5+ Kg6 43.Rxg7+ Kxg7
44.Ne8+  1-0

[Event "Liga Asturiana 3th"]
[Site "Liga Asturiana"]
[Date "1999.??.??"]
[Round "?"]
[White "Barredo Duran, Luis"]
[Black "Olea Perez, Mario"]
[Result "1-0"]
[WhiteElo "2290"]
[BlackElo "2153"]

1.d4 d5 2.c4 Nc6 3.Nc3 Nf6 4.cxd5 Nxd5 5.Nf3 Bf5 6.g3 e5 7.Bg2 Bb4 8.Bd2 exd4
9.Nb5 Bc5 10.Rc1 Qe7 11.O-O O-O 12.Bg5 f6 13.Nfxd4 Nxd4 14.Nxd4 fxg5 15.Bxd5+ Kh8
16.Bxb7 Rad8 17.Nxf5 Rxf5 18.Qc2 Rdf8 19.e3 g4 20.Be4 Rh5 21.Rfd1 Bd6 22.Rd5 Rxd5
23.Bxd5 h5 24.Qg6 Qe8 25.Be4 Qxg6 26.Bxg6 Rb8 27.Bxh5 Rxb2 28.Bf7 Kh7 29.Rc4 Rxa2
30.Rxg4 Ra1+ 31.Kg2 Be7 32.Re4 Bd8 33.Rd4 Be7 34.Rd5 g5 35.Kf3 Ra6 36.Rf5 Bf6
37.Bc4 Rc6 38.Bd5 Rd6 39.Kg4 a5 40.Be4 Kh6 41.Rxa5  1-0

[Event "Staufer-Open 11th"]
[Site "Schwaebisch Gmuend"]
[Date "1999.??.??"]
[Round "1"]
[White "Bruch, Ingo"]
[Black "Raygrotzki, Norbert"]
[Result "1-0"]
[WhiteElo "2325"]
[BlackElo "1760"]

1.d4 d5 2.c4 Nc6 3.Nf3 Bg4 4.cxd5 Bxf3 5.gxf3 Qxd5 6.e3 e6 7.Nc3 Bb4 8.a3 Bxc3+
9.bxc3 Nge7 10.e4 Qh5 11.Rb1 Rb8 12.Rb5 f5 13.Rg1 a6 14.Rb2 fxe4 15.fxe4 Qxd1+
16.Kxd1 O-O 17.Bc4 Nd8 18.f4 b5 19.Ba2 Kh8 20.Rbg2 g6 21.Be3 c6 22.f5 gxf5
23.Bh6 Rf7 24.Bf4  1-0

[Event "Schwarzach op-A"]
[Site "Schwarzach"]
[Date "1999.??.??"]
[Round "4"]
[White "Bopp, Thomas"]
[Black "Doric, Nenad"]
[Result "1/2-1/2"]
[WhiteElo "2005"]
[BlackElo "2265"]

1.d4 d5 2.c4 Nc6 3.cxd5 Qxd5 4.e3 e5 5.Nc3 Bb4 6.Bd2 Bxc3 7.bxc3 exd4 8.cxd4 Nf6
9.f3 O-O 10.Bd3 Bf5 11.Bxf5 Qxf5 12.Ne2 Rfe8 13.O-O Qd7 14.Qb3 Nxd4 15.Nxd4 c5
16.Bc3 cxd4 17.Bxd4 Nd5 18.Rfd1 Qe6 19.e4 Nb6 20.Qxe6 Rxe6 21.a4 Rc6 22.a5 Nc4
23.Rdb1 Ra6 24.Rxb7 Rxa5 25.Rxa5 Nxa5 26.Rxa7 Rxa7 27.Bxa7 g6 28.Bd4 f5 29.Kf2 Nc6
30.Bc3 fxe4 31.fxe4 h5 32.Kf3 Kf7 33.g4 hxg4+ 34.Kxg4 Nd8 35.Kf4 Ne6+ 36.Ke5 Nf8
37.Kd6 Ne6  1/2-1/2

[Event "Sportland-NRW-Cup"]
[Site "Senden"]
[Date "1999.??.??"]
[Round "5"]
[White "Meier, Jan"]
[Black "Freise, Eckhard"]
[Result "0-1"]
[WhiteElo "1750"]
[BlackElo "1900"]

1.d4 d5 2.c4 Nc6 3.Nf3 Bg4 4.e3 e5 5.dxe5 dxc4 6.Qa4 Bxf3 7.gxf3 Qd5 8.Qxc4 Qxf3
9.Rg1 O-O-O 10.Be2 Nxe5 11.Qc2 Qf6 12.Nc3 Nf3+ 13.Bxf3 Qxf3 14.a3 a6 15.b4 Bd6
16.Bb2 Nf6 17.Rc1 Rhe8 18.b5 Bxh2 19.Rf1 Ne4 20.Nd1 Nxf2 21.Rxf2 Rxd1+ 22.Qxd1 Rxe3+
23.Re2 Bg3+ 24.Kd2 Rd3+ 25.Kc2 Rxd1 26.Kxd1 Qf1+ 27.Kd2 Bf4+ 28.Kd3 Qf3+
29.Kd4 Qxe2 30.Rc3 Be5+ 31.Kd5 Bxc3 32.Bxc3 Qd3+ 33.Bd4 c6+ 34.bxc6 bxc6+
35.Kxc6 Qxd4 36.a4 Qxa4+  0-1

[Event "Sheffield op"]
[Site "Sheffield"]
[Date "1999.??.??"]
[Round "1"]
[White "Palliser, Richard"]
[Black "Keeling, G."]
[Result "1-0"]
[WhiteElo "2219"]
[BlackElo "2145"]

1.d4 d5 2.c4 Nc6 3.Nf3 Bg4 4.Nc3 e6 5.Bg5 Be7 6.Bxe7 Ngxe7 7.e3 O-O 8.Bd3 h6
9.h3 Bh5 10.O-O dxc4 11.Bxc4 Nd5 12.Ne4 Nce7 13.Rc1 Bg6 14.Nc5 b6 15.Nd3 Nf6
16.Nfe5 Be4 17.Nf4 Ned5 18.Ne2 Qd6 19.Ng3 Bh7 20.Qe2 Ne4 21.Nxe4 Bxe4 22.f3 Bh7
23.e4 Nf4 24.Qe3 Ng6 25.Nxg6 Bxg6 26.Rfd1 Rad8 27.Bb3 Rfe8 28.Qc3 Re7 29.Kf2 Qf4
30.g3 Qd6 31.d5 e5 32.Qc6 f5 33.Qxd6 Rxd6 34.Ke3 fxe4 35.fxe4 Be8 36.Rd2 a5
37.a3 Bb5 38.Rdc2 c5 39.dxc6+  1-0

[Event "St Lorrain"]
[Site "St Lorrain"]
[Date "1999.??.??"]
[Round "3"]
[White "Assad, Karine"]
[Black "Murie, Eric"]
[Result "0-1"]
[WhiteElo "2000"]
[BlackElo "2080"]

1.d4 d5 2.c4 Nc6 3.Nf3 Bg4 4.cxd5 Bxf3 5.gxf3 Qxd5 6.e3 e6 7.a3 O-O-O 8.Nc3 Qh5
9.f4 Qxd1+ 10.Kxd1 Nf6 11.Be2 h6 12.Rg1 Rg8 13.h4 h5 14.b4 Ne7 15.Bb2 Nf5
16.Rh1 Be7 17.Kc2 Ng4 18.Nd1 Nxh4 19.b5 g6 20.a4 Nh6 21.a5 N4f5 22.Ra4 Nd6
23.Nc3 Ng4 24.Bxg4 hxg4 25.e4 Rh8 26.Rd1 Rh2 27.Rd2 Bh4 28.e5 Nf5 29.Ne4 Ne7
30.b6 cxb6 31.axb6 a6 32.Nd6+ Kb8 33.Rc4 Nd5 34.Kb1 Rxf2 35.Rd1 Nxb6 36.Rb4 Rxd6
37.exd6 Nd7 38.Rc4 g3 39.Rc2 g2 40.Rcc1 Bg3  0-1

[Event "Tampere op"]
[Site "Tampere"]
[Date "1999.??.??"]
[Round "8"]
[White "Veingold, Aleksandr"]
[Black "Keskisarja, Teemu"]
[Result "1/2-1/2"]
[WhiteElo "2477"]
[BlackElo "2313"]

1.d4 d5 2.c4 Nc6 3.cxd5 Qxd5 4.e3 e5 5.Nc3 Bb4 6.Bd2 Bxc3 7.Bxc3 exd4 8.Ne2 Nge7
9.Nxd4 Nxd4 10.Qxd4 Qxd4 11.Bxd4 f6 12.Bc4 Nc6 13.Bc3 Ke7 14.Bb5 Be6 15.Bxc6 bxc6
16.Ba5 Rab8 17.b3 Kd7 18.Ke2 Rb5 19.Bc3 c5 20.Rhd1+ Kc8 21.e4 Rd8 22.Rxd8+ Kxd8
23.Ke3 c4 24.Rd1+ Ke7 25.bxc4  1/2-1/2

[Event "RUS-ch sf"]
[Site "Ufa"]
[Date "1999.??.??"]
[Round "4"]
[White "Potapov, Alexander"]
[Black "Yashtylov, Anatolij"]
[Result "1-0"]
[WhiteElo "2449"]
[BlackElo "2337"]

1.d4 d5 2.c4 Nc6 3.Nc3 dxc4 4.Nf3 Nf6 5.e3 Bg4 6.Bxc4 e6 7.h3 Bxf3 8.Qxf3 Bd6
9.Bb5 Qd7 10.Bd2 a6 11.Bxc6 Qxc6 12.Qxc6+ bxc6 13.Rc1 c5 14.dxc5 Bxc5 15.Ke2 Rb8
16.Na4 Bd6 17.Rc6 Ra8 18.Rd1 Kd7 19.Rc4 Rhb8 20.e4 Rb5 21.b3 Ke7 22.f4 e5
23.f5 Nd7 24.Be3 Rb4 25.Rxd6 Rxc4 26.Rxd7+ Kxd7 27.bxc4 Rb8 28.Nc5+ Kd6 29.Nb3 a5
30.Ba7 Ra8 31.Bc5+ Kc6 32.Ba3 Rd8 33.Nxa5+ Kb6 34.Nb3 Ra8 35.Bc5+  1-0

[Event "Zagreb op"]
[Site "Zagreb"]
[Date "1999.??.??"]
[Round "3"]
[White "Feletar, Darko"]
[Black "Trbojevic, Mladen"]
[Result "1-0"]
[WhiteElo "2376"]
[BlackElo "2220"]

1.d4 d5 2.c4 Nc6 3.Nc3 Nf6 4.Nf3 Bg4 5.cxd5 Nxd5 6.e4 Nb6 7.Be3 e5 8.d5 Na5
9.Qc2 Bd6 10.Bd2 c6 11.Nd1 Nd7 12.b4 cxd5 13.bxa5 Rc8 14.Qa4 d4 15.h3 Bxf3
16.gxf3 O-O 17.Nb2 Nc5 18.Qd1 Qh4 19.Bd3 f5 20.Qe2 Kh8 21.exf5 e4 22.fxe4 Nxe4
23.Bxe4 Rfe8 24.Kf1 Rxe4 25.Qf3 Rce8 26.Re1 Rxe1+ 27.Bxe1 Rf8 28.Nd3 g6 29.Qg4  1-0

[Event "It A"]
[Site "Paretana ESP"]
[Date "2000.01.05"]
[Round "8"]
[White "Gual Pascual,A"]
[Black "Skembris,S"]
[Result "0-1"]
[WhiteElo "2433"]
[BlackElo "2477"]

1.d4 d5 2.c4 Nc6 3.Nc3 dxc4 4.d5 Ne5 5.f4 Ng6 6.e4 e6 7.dxe6 Qxd1+ 8.Kxd1 fxe6
9.Bxc4 Bd6 10.Nb5 e5 11.f5 N6e7 12.Nf3 Nf6 13.Re1 a6 14.Nxd6+ cxd6 15.b3 b5
16.Bd3 Bb7 17.Ba3 Nc6 18.Ke2 O-O-O 19.Rac1 h6 20.Kf1 Rhe8 21.Bb2 Kc7 22.Bb1 a5
23.Kg1 Kb6 24.Rcd1 b4 25.h3 Na7 26.Nd2 Ba6 27.a3 Nc6 28.Rc1 Nd4 29.Bxd4+ exd4
30.axb4 axb4 31.Nc4+ Bxc4 32.Rxc4 d5 33.Rxd4 dxe4 34.Rxb4+ Kc5 35.Rc4+ Kd5
36.Rc7 Ke5 37.Rxg7 Rd2 38.Rg3 Red8 39.Rge3 R8d4 40.g4 Kf4 41.h4 Nxg4 42.Rxe4+ Kg3
43.Rxg4+ Rxg4  0-1

[Event "Belgian Interteams 1999-2000"]
[Site "Antwerp BEL"]
[Date "2000.01.09"]
[Round "7"]
[White "Meulders,R"]
[Black "Schuermans,R"]
[Result "0-1"]
[WhiteElo "2253"]
[BlackElo "2191"]

1.d4 d5 2.c4 Nc6 3.cxd5 Qxd5 4.e3 e5 5.Nc3 Bb4 6.Bd2 Bxc3 7.bxc3 Qd6 8.Rb1 Nge7
9.Ne2 O-O 10.Ng3 f5 11.Bc4+ Kh8 12.f4 exf4 13.exf4 Ng6 14.O-O Nxd4 15.Be3 Nc6
16.Qxd6 cxd6 17.Rfd1 Na5 18.Be2 Be6 19.Nh5 Bxa2 20.Rb2 Bc4 21.Bd4 Rf7 22.Nxg7 Rxg7
23.Bxc4 Nxc4 24.Rxb7 Nge5 25.Rxg7 Kxg7 26.Rb1 Kg6 27.fxe5 dxe5 28.Rb4 exd4
29.Rxc4 dxc3 30.Rxc3 a5 31.Kf2 a4 32.Ra3 f4 33.Kf3 Kf5 34.Kf2 Ke4 35.Ke2 Ra7
36.Kf2 Kd4 37.Kf3 Kc4 38.Kxf4 Kb4 39.Ra1 Kb3 40.g4 Kb2 41.Re1 a3 42.Kg5 Ra6
43.h4 a2 44.Re2+ Kc3 45.Rxa2 Rxa2 46.Kh6 Ra7 47.g5 Kd4 48.h5 Ke5 49.g6 hxg6
50.Kxg6 Ra6+ 51.Kg7 Kf5 52.h6 Ra7+  0-1

[Event "Keres Mem (Rapid) Women"]
[Site "Tallinn EST"]
[Date "2000.01.23"]
[Round "4"]
[White "Piarnpuu,L"]
[Black "Fomina,T"]
[Result "1/2-1/2"]
[WhiteElo "2214"]
[BlackElo "2289"]

1.d4 d5 2.c4 Nc6 3.Nf3 Bg4 4.Nc3 e6 5.e3 Bb4 6.Bd2 Nge7 7.a3 Bxc3 8.Bxc3 dxc4
9.Bxc4 Nd5 10.Bd2 O-O 11.O-O e5 12.dxe5 Nxe5 13.Be2 Nxf3+ 14.Bxf3 Bxf3 15.Qxf3 c6
16.e4 Ne7 17.Rad1 Qb6 18.Bc3 Ng6 19.Qg3 Rad8 20.h4 h5 21.Qg5 Rxd1 22.Rxd1 Qb3
23.Rd2 Qe6 24.Qxh5 Qxe4 25.Rd4 Qb1+ 26.Kh2 Re8 27.Rd7 Qe4 28.g3 Re7 29.Rd8+ Re8
30.Rd7 Re7 31.Rd8+ Re8  1/2-1/2

[Event "FSIMA January"]
[Site "Budapest HUN"]
[Date "2000.02.06"]
[Round "2"]
[White "Szeberenyi,A"]
[Black "Gara,A"]
[Result "1/2-1/2"]
[WhiteElo "2257"]
[BlackElo "2257"]

1.d4 d5 2.c4 Nc6 3.cxd5 Qxd5 4.e3 e5 5.Nc3 Bb4 6.Bd2 Bxc3 7.bxc3 Nf6 8.f3 O-O
9.c4 Qd6 10.d5 Ne7 11.Bd3 Nd7 12.Ne2 Nc5 13.Bc2 Qa6 14.Rc1 b5 15.Bb4 bxc4
16.O-O Qb6 17.Bxh7+ Kxh7 18.Rxc4 Qb5 19.Qc2+ Bf5 20.e4 Nxd5 21.Bxc5 Bg6 22.Rb1 Qe8
23.Bxf8 Ne3 24.Qc1 Nxc4 25.Qxc4 Qxf8 26.Qxc7 Qa3 27.Nc3 Re8 28.Qc4 f5 29.exf5 Bxf5
30.Rd1 Rc8 31.Qh4+ Kg8 32.Rd8+ Rxd8 33.Qxd8+ Kh7 34.Qh4+ Kg8 35.Qc4+ Kh7
36.Nd5 Be6 37.Qh4+ Kg6 38.Qe4+ Kf7 39.Nb4 Qc1+ 40.Kf2 Qd2+ 41.Kg3 Qg5+ 42.Kf2 Qd2+
43.Kg3 Qg5+  1/2-1/2

[Event "8th Valle d'Aosta Open"]
[Site "Saint Vincent ITA"]
[Date "2000.02.13"]
[Round "2"]
[White "Richter,Mi"]
[Black "Miladinovic,I"]
[Result "0-1"]
[WhiteElo "2402"]
[BlackElo "2538"]

1.d4 d5 2.c4 Nc6 3.cxd5 Qxd5 4.e3 e5 5.Nc3 Bb4 6.Bd2 Bxc3 7.Bxc3 exd4 8.Ne2 Nf6
9.Nxd4 O-O 10.Nxc6 Qxc6 11.Rc1 Re8 12.Bd4 Qd6 13.Be2 b6 14.O-O c5 15.Bc3 Qe6
16.Bf3 Ne4 17.Bxe4 Qxe4 18.Re1 Ba6 19.f3 Qe6 20.Qa4 b5 21.Qa5 b4 22.Bd2 Red8
23.Rcd1 Qb6 24.Qxb6 axb6 25.a3 bxa3 26.bxa3 Bd3 27.Ra1 Bc2 28.Bc1 b5 29.Re2 Bd3
30.Rd2 b4 31.Bb2 b3 32.Rad1 c4 33.Kf2 f5 34.Ra1 Ra4 35.h3 h5 36.h4 Kf7 37.g4 hxg4
38.fxg4 Rc8 39.Bc3 fxg4 40.Rg1 Rxa3 41.Rxg4 g6 42.Rf4+ Kg8 43.h5 gxh5 44.Kf3 Ra2
45.Bb2 Rxb2  0-1

[Event "Goodricke Open"]
[Site "Calcutta IND"]
[Date "2000.02.15"]
[Round "10"]
[White "Sareen,V"]
[Black "Shantharam,K"]
[Result "1/2-1/2"]
[WhiteElo "2351"]
[BlackElo "2198"]

1.d4 d5 2.c4 Nc6 3.Nf3 Bg4 4.cxd5 Bxf3 5.gxf3 Qxd5 6.e3 e5 7.Nc3 Bb4 8.Bd2 Bxc3
9.bxc3 Nf6 10.Bg2 O-O 11.O-O Rfe8 12.Rb1 Rab8 13.Qa4 b5  1/2-1/2